[Event "SVK-chT3B2 2223"]
[Site "Slovakia"]
[Date "2022.10.23"]
[Round "1.8"]
[White "Majzlan, Blazej"]
[Black "Kotlarik, Marek"]
[Result "0-1"]
[WhiteElo "1550"]
[BlackElo "1484"]
[PlyCount "76"]
[EventDate "2022.10.23"]
[EventType "team-tourn"]
[EventRounds "11"]
[EventCountry "SVK"]
[SourceTitle "EXT 2024"]
[Source "ChessBase"]
[SourceDate "2023.10.10"]
[SourceVersion "1"]
[SourceVersionDate "2023.10.10"]
[SourceQuality "1"]
[WhiteTeam "Handlova"]
[BlackTeam "Trencin PK"]
[WhiteTeamCountry "SVK"]
[BlackTeamCountry "SVK"]

1. e4 e6 2. d4 d5 3. Nc3 dxe4 4. Nxe4 Nf6 5. Bg5 Be7 6. Bd3 0-0 7. Nf3 Nbd7 8. 0-0 Nxe4 9. Bxe7 Qxe7 10. Bxe4 Nf6 11. Bd3 c5 12. Qe2 b6 13. Rfe1 Bb7 14. c4 Bxf3 15. Qxf3 cxd4 16. Qf4 Rfd8 17. Qh4 h6 18. f4 Nd5 19. Qg4 Ne3 20. Qf3 Rac8 21. b3 Qc5 22. g4 Qe7 23. Qe4 g6 24. Qf3 Qh4 25. h3 Qf6 26. Re2 Rc7 27. Rh2 Kg7 28. h4 Kf8 29. g5 Qg7 30. h5 hxg5 31. h6 Qf6 32. Qh3 Ke7 33. h7 Rh8 34. Rf2 gxf4 35. Re1 Rc5 36. Rh2 Rh5 37. Qf3 Rxh2 38. Qb7+ Kf8 0-1

[Event "SVK-chT3B2 1920"]
[Site "Slovakia"]
[Date "2020.01.19"]
[Round "6.8"]
[White "Kotlarik, Marek"]
[Black "Oswald, Jan"]
[Result "1-0"]
[WhiteElo "1000"]
[BlackElo "1557"]
[PlyCount "71"]
[EventDate "2019.10.06"]
[EventType "team-tourn"]
[EventRounds "11"]
[EventCountry "SVK"]
[SourceTitle "CBM 195 Extra"]
[Source "ChessBase"]
[SourceDate "2020.05.31"]
[SourceVersion "1"]
[SourceVersionDate "2020.05.31"]
[SourceQuality "1"]
[WhiteTeam "Trencin II"]
[BlackTeam "Handlova"]
[WhiteTeamCountry "SVK"]
[BlackTeamCountry "SVK"]

1. d4 Nf6 2. c4 e6 3. Nf3 h6 4. Nc3 d5 5. cxd5 Nxd5 6. e3 Be7 7. Bb5+ Bd7 8. Bxd7+ Nxd7 9. Nxd5 exd5 10. Qb3 Nb6 11. 0-0 0-0 12. Bd2 Nc4 13. Bc3 b6 14. Qc2 Rc8 15. b3 Nd6 16. Qb2 Ne4 17. Rac1 Bf6 18. Qe2 c5 19. Bb2 Re8 20. dxc5 Nxc5 21. Rfd1 Bxb2 22. Qxb2 Qd6 23. Qd4 Rcd8 24. Qb2 Qg6 25. Qc2 Qe6 26. Rd4 Ne4 27. Qd1 Nf6 28. h3 Re7 29. Rd2 Ne4 30. Rdc2 Rd6 31. Nd4 Qf6 32. Qg4 Rd8 33. Nc6 Rc7 34. Nxd8 Nxf2 35. Qf3 Rxc2 36. Rxc2 1-0